| 000 | 00351nam a2200121Ia 4500 | ||
|---|---|---|---|
| 008 | 190415s9999 xx 000 0 und d | ||
| 082 | _aRR 923.254 SIN-; | ||
| 100 | _aSingh, H D | ||
| 245 | 0 | _a543 faces of India: guide to 543 parliamentary constituencies (1952-1998) | |
| 260 |
_aNew Delhi _bNewsmen Publishers _c1996 |
||
| 300 | _a399p. | ||
| 942 | _cBK | ||
| 999 |
_c10245 _d10245 |
||